TV Catchphrases Quiz Stats

 Plays Quiz Updated Jan 15, 2020

Support Sporcle.
Go Orange.
Score 0/30 Timer 07:00
0 Plays Today
Phrase Show % Correct
Oh, my God! They killed Kenny!South Park
85.3%
Yabba dabba do!The Flintstones
83.5%
Is that your final answer?Who Wants to Be a Millionaire
82.9%
Lucy, you got some 'splainin' to do!I Love Lucy
80.5%
You're fired!The Apprentice
79.8%
Come on down!The Price is Right
78.6%
The tribe has spoken.Survivor
74.9%
Marcia! Marcia! Marcia!The Brady Bunch
72.2%
Eat my shorts!The Simpsons
69.9%
Don't make me angry, you wouldn't like me when I'm angry.The Incredible Hulk
58.7%
Whatchoo talkin' 'bout, Willis?Diff'rent Strokes
57.5%
Good night, John Boy.The Waltons
53.5%
De plane, de plane!Fantasy Island
51.5%
Book 'em, Danno.Hawaii Five-O
50.4%
Aaaayyy!Happy Days
47%
Phrase Show % Correct
Danger, Will Robinson!Lost in Space
46.6%
Dyn-o-mite!Good Times
41.9%
Just the facts, ma'am.Dragnet
41.2%
Kiss my grits!Alice
36.3%
I’m Larry, this is my brother Darryl, and this is my other brother Darryl.Newhart
33.7%
I love it when a plan comes together.The A-Team
32.3%
Who loves you, baby?Kojak
31.5%
Missed it by that much.Get Smart
28.4%
Baby, you’re the greatest.The Honeymooners
28.1%
Here it is, your moment of Zen.Daily Show with Jon Stewart
28%
Suit up!How I Met Your Mother
27.7%
Let's be careful out there.Hill Street Blues
27.5%
And that's the way it is.CBS Evening News with Walter Cronkite
20.7%
Say good night, Gracie.The Burns & Allen Show
19.7%
You've got spunk....The Mary Tyler Moore Show
15.4%

From the Vault

Words-in-Words Keymaster

by puckett86

Words inside words! Who would have thought?
Remove Ads.
Support Sporcle.
Get the best of Sporcle when you Go Orange. This ad-free experience offers more features, more stats, and more fun while also helping to support Sporcle. Thank you for becoming a member.

Show Comments

Extras

Top Quizzes Today


Score Distribution

Your Account Isn't Verified!

In order to create a playlist on Sporcle, you need to verify the email address you used during registration. Go to your Sporcle Settings to finish the process.

Report this User

Report this user for behavior that violates our Community Guidelines.

Details: